LEADER 00965nam a2200205 4500 001 000000341615 003 CaOOAMICUS 005 20200819151235.0 008 200819s1828 it d 000 u ita r 026 $aditi u-i- i-la zimo (3) 1828 (R) 040 $aSeMil$bita 245 00$aTomo 2. 264 1$aModena :$bPer G. Vincenzi e compagno,$c1828. 300 $a590, [4] p. ;$c4° 773 0 $tDizionario de' medicamenti ad uso de' medici e de' farmacisti ossia Trattato di farmacia, materia medica, e della parte di terapeutica ... Opera compilata sui migliori trattati di simili materie ... Tomo 1. [-4.].$dModena : Per G. Vincenzi e compagno, 1827-1832.$g2$w()341613 850 $aSeMil 852 $aSeMil$W1$xVenegono$y1$m3XF III 11 FA$j220834$B232621$CSeMilBibl$Z2$F232621 $8I 996 $6245$aTomo 2$9(OLS)http://semarc/title/49331 996 $6264$aModena :$bPer G. Vincenzi e compagno$9(OLS)http://semarc/publisher/58808 LEADER 00963nam a2200193 i 4500 001 000000229809 003 CaOOAMICUS 005 20250327125700.0 008 140519s1879 it u000 u ita u 013 $a208711 040 $aSeMil$bita 100 1 $aCurci, Carlo Maria,$c.$0(OLS)http://semarc/name/13118 245 10$aVangelo secondo Giovanni, ed Atti apostolici /$cC. M. Curci. 300 $a388 p., [1] c. di tav. ripieg. :$bc. geogr. 773 0 $aCurci, Carlo Maria $tNuovo Testamento volgarizzato ed esposto in note esegetiche e morali.$dRoma [etc.] : Unione Tipografico-Editrice, 1879.$kOpere bibliche pubblicate dal sac. Carlo Maria Curci dal giugno 1874 al febbraio 1883$g2$w()29917 850 $aSeMil 852 $aSeMil$W1$xVenegono$y1$m2V IV 26 FA$j180155$B180155$CSeMilBibl$Z2$F191231 $8I 996 $6245$aVangelo secondo Giovanni, ed Atti apostolici$9(OLS)http://semarc/title/328572